| 000 | 01599cam a2200457 a 4500 | ||
|---|---|---|---|
| 001 | 22268 | ||
| 003 | VRT | ||
| 005 | 20260324154952.0 | ||
| 008 | 240702s1993 xo g 0000f slo | ||
| 015 | _aSNBA1994/01 | ||
| 020 | _a8070942363 | ||
| 035 | _aSNK000016459 | ||
| 039 | 9 |
_a202407310831 _bAUTHORITY _c202407310743 _dAUTHORITY _c202407310723 _dmsnk181 _c202407091307 _dmsnk167 |
|
| 040 |
_aSNK _bslo _cSNK _eAACR2 |
||
| 041 | 1 |
_aslo _heng |
|
| 044 |
_axo _cSK |
||
| 072 | 7 |
_a821.111-3 _xAnglická próza, anglicky písaná _2konspekt |
|
| 080 |
_a821.111-31 _22001 |
||
| 080 |
_a(0:82-312.5) _22011 |
||
| 100 | 1 |
_aFalconer, Colin, _d1953- _4aut |
|
| 240 | 1 | 0 |
_aHarem _lSlovensky |
| 245 | 1 | 0 |
_aHárem _cColin Falconer ; prekl. Igor Otčenáš, Sabína Bačíková, Pavol Chorvát |
| 250 | _a1. vyd. | ||
| 260 |
_aBratislava _bPráca, spol. s r.o. _c1993 _eBanská Bystrica _fTlačiarne BB, spol. s r.o. |
||
| 300 |
_a485 s. _c21 cm |
||
| 490 | 1 |
_aTriumf _vzv. 10/93 |
|
| 655 | 7 |
_aanglické romány _2SNKPH |
|
| 655 | 7 |
_aľúbostné romány _2SNKPH |
|
| 700 | 1 |
_aOtčenáš, Igor, _d1956- _4trl |
|
| 700 | 1 |
_aBačíková, Sabína, _d1951- _4trl |
|
| 700 | 1 |
_aChorvát, Pavol _4trl |
|
| 700 | 1 |
_aPoláková, Mária _c(grafička) _4bjd |
|
| 700 | 1 |
_aNágel, Dušan, _d1949- _4bjd |
|
| 830 | 0 | _aTriumf | |
| 942 |
_2ddc _cKLDO _n0 |
||
| 949 |
_617A0053375 _9P60, <04>, [BOOK], {604} _asnkSC 84592 D1 |
||
| 949 |
_617A1010704 _asnkSC 84592 |
||
| 949 |
_6273K0197392 _asvkpoA 161793 _bsvkpo398879 _oPV 1655/94 |
||
| 999 |
_c22268 _d22268 |
||